| 000 | 01031cam a22002533a 4500 | ||
|---|---|---|---|
| 001 | 18962 | ||
| 003 | PGUSA | ||
| 005 | 20140828083413.0 | ||
| 008 | 060801s2006||||xxu|||||s|||||000 1 eng d | ||
| 040 |
_aPGUSA _beng |
||
| 042 | _adc | ||
| 050 | 4 | _aPQ | |
| 100 | 1 |
_aBoylesve, René, _d1867-1926 |
|
| 245 | 1 | 0 |
_aLe dangereux jeune homme _h[electronic resource] / _cRené Boylesve |
| 260 |
_bProject Gutenberg, _c2006 |
||
| 505 | 0 | _aLe dangereux jeune homme -- Les trois personnes -- La pièce fausse -- La niaiserie -- Oh! ne chante pas! -- Le maître -- La partie carrée -- Analogie -- Éloquence -- Nous sommes fachés avec Henriette -- Une maison comme il faut: Les femmes de chambre de madame Ablette. Les anglaises de madame Ablette -- L'intransigeant -- Les jeunes filles au jardin. | |
| 506 | _aPublic domain in the USA. | ||
| 516 | _aElectronic text | ||
| 653 | _aFiction | ||
| 653 | _aShort stories, French | ||
| 830 | 0 |
_aProject Gutenberg _v18962 |
|
| 856 | 4 | 0 | _uhttp://www.gutenberg.org/ebooks/18962 |
| 942 | _cEB | ||
| 999 |
_c248217 _d248217 |
||